[Event "CAN-op"]
[Site "Ottawa CAN"]
[Date "2013.07.19"]
[Round "8"]
[White "Perez Rodriguez, Luis Manuel"]
[Black "Dougherty, Michael"]
[Result "1-0"]
[WhiteElo "2427"]
[BlackElo "2290"]
[PlyCount "65"]
[GameId "2160767909313721"]
[EventDate "2013.07.13"]
[EventType "swiss"]
[EventRounds "9"]
[EventCountry "CAN"]
[SourceTitle "CBM 155 Extra"]
[Source "ChessBase"]
[SourceDate "2013.08.26"]
[SourceVersion "1"]
[SourceVersionDate "2013.08.26"]
[SourceQuality "1"]

1. e4 c5 2. Nf3 d6 3. d4 cxd4 4. Nxd4 Nf6 5. Nc3 Nc6 6. Bc4 Qb6 7. Nb3 e6 8. Be3 Qc7 9. f4 a6 10. Bd3 Be7 11. O-O b5 12. a3 Bb7 13. Qf3 h6 14. Qh3 h5 15. Kh1 Ng4 16. Bg1 g5 17. Be2 O-O-O 18. a4 b4 19. Nb5 Qd7 20. Na7+ Kb8 21. Nxc6+ Qxc6 22. Na5 Qxc2 23. Nxb7 Kxb7 24. Bd3 Qc7 25. a5 Rd7 26. Ra4 d5 27. exd5 gxf4 28. Be2 f5 29. dxe6 Rd2 30. Qf3+ Kb8 31. Bxa6 Ne5 32. Qxf4 Qd6 33. Rxb4+ 1-0

[Event "CAN-op"]
[Site "Ottawa CAN"]
[Date "2013.07.19"]
[Round "8"]
[White "Piasetski, Leon"]
[Black "Vera, Reynaldo"]
[Result "1/2-1/2"]
[WhiteElo "2279"]
[BlackElo "2462"]
[PlyCount "59"]
[GameId "2160767909313722"]
[EventDate "2013.07.13"]
[EventType "swiss"]
[EventRounds "9"]
[EventCountry "CAN"]
[SourceTitle "CBM 155 Extra"]
[Source "ChessBase"]
[SourceDate "2013.08.26"]
[SourceVersion "1"]
[SourceVersionDate "2013.08.26"]
[SourceQuality "1"]

1. c4 Nf6 2. Nf3 e6 3. g3 d5 4. Bg2 dxc4 5. Qa4+ c6 6. Qxc4 b5 7. Qb3 Bb7 8. O-O Nbd7 9. d4 a6 10. Ne5 Nxe5 11. dxe5 Nd5 12. a4 Be7 13. Nc3 O-O 14. Ne4 c5 15. axb5 axb5 16. Rxa8 Qxa8 17. Qxb5 Ba6 18. Qa4 Bxe2 19. Qxa8 Rxa8 20. Re1 Ra1 21. Bd2 Rxe1+ 22. Bxe1 Kf8 23. f4 Ke8 24. Bf2 c4 25. Bd4 Kd7 26. Nc3 Nxc3 27. bxc3 Bd3 28. Kf2 Ba3 29. h4 h5 30. Bf3 1/2-1/2

[Event "CAN-op"]
[Site "Ottawa CAN"]
[Date "2013.07.19"]
[Round "8"]
[White "Plotkin, Victor"]
[Black "Gerzhoy, Leonid"]
[Result "1-0"]
[WhiteElo "2228"]
[BlackElo "2462"]
[PlyCount "141"]
[GameId "2160767909313723"]
[EventDate "2013.07.13"]
[EventType "swiss"]
[EventRounds "9"]
[EventCountry "CAN"]
[SourceTitle "CBM 155 Extra"]
[Source "ChessBase"]
[SourceDate "2013.08.26"]
[SourceVersion "1"]
[SourceVersionDate "2013.08.26"]
[SourceQuality "1"]

1. e4 Nf6 2. e5 Nd5 3. d4 d6 4. Nf3 g6 5. Bc4 Nb6 6. Bb3 Bg7 7. O-O O-O 8. exd6 cxd6 9. Bg5 Nc6 10. c3 h6 11. Be3 Na5 12. Bc2 Nac4 13. Bc1 e5 14. b3 Na5 15. d5 Bg4 16. h3 Bxf3 17. Qxf3 f5 18. Rd1 e4 19. Qe2 Qc7 20. Be3 Nd7 21. Na3 a6 22. Rac1 b5 23. Bb1 Ne5 24. f4 exf3 25. gxf3 Rae8 26. Qf2 Nb7 27. Kg2 g5 28. c4 b4 29. Nc2 g4 30. Nd4 Nxf3 31. Nxf3 gxf3+ 32. Qxf3 Nc5 33. Bxc5 Qxc5 34. Re1 Qd4 35. Qf2 f4 36. Qc2 Qb2 37. Qxb2 Bxb2 38. Rxe8 Rxe8 39. Rf1 Be5 40. Kf3 Bd4 41. Kxf4 Re2 42. Kf5 Kg7 43. Rf4 Bc5 44. Be4 Rxa2 45. Ke6 Re2 46. Rg4+ Kf8 47. Rf4+ Ke8 48. Kf5 a5 49. Rf3 Kd8 50. Bd3 Rb2 51. Be4 Kc7 52. Kg6 Kb6 53. Bf5 a4 54. bxa4 Ka5 55. Kxh6 b3 56. h4 Kxa4 57. h5 Rg2 58. Bg6 b2 59. Rf1 Be3+ 60. Kh7 Kb4 61. Re1 Bc1 62. Bb1 Kxc4 63. Ba2+ Kd4 64. Re6 Bf4 65. Re1 Rc2 66. Re8 Be5 67. Rb8 Kc3 68. Bb1 Rc1 69. Bf5 Rh1 70. Kg6 Bf4 71. Be4 1-0

[Event "CAN-op"]
[Site "Ottawa CAN"]
[Date "2013.07.19"]
[Round "8"]
[White "Sapozhnikov, Roman"]
[Black "Perelshteyn, Eugene"]
[Result "1-0"]
[WhiteElo "2272"]
[BlackElo "2513"]
[PlyCount "135"]
[GameId "2160767909313725"]
[EventDate "2013.07.13"]
[EventType "swiss"]
[EventRounds "9"]
[EventCountry "CAN"]
[SourceTitle "CBM 155 Extra"]
[Source "ChessBase"]
[SourceDate "2013.08.26"]
[SourceVersion "1"]
[SourceVersionDate "2013.08.26"]
[SourceQuality "1"]

1. e4 e6 2. d4 d5 3. Nc3 Nf6 4. e5 Nfd7 5. f4 c5 6. Nf3 Nc6 7. Be3 cxd4 8. Nxd4 Bc5 9. Qd2 O-O 10. O-O-O a6 11. Qf2 Bxd4 12. Bxd4 b5 13. Be3 Qa5 14. Kb1 b4 15. Ne2 Qc7 16. Nd4 Nxd4 17. Bxd4 a5 18. h4 Ba6 19. h5 Bxf1 20. Rdxf1 Rac8 21. g4 Nc5 22. Rh2 Ne4 23. Qe3 a4 24. Rg2 a3 25. b3 Nc3+ 26. Ka1 Nb5 27. Rf3 Nxd4 28. Qxd4 Qc5 29. Qxc5 Rxc5 30. Kb1 f6 31. Re2 fxe5 32. Rxe5 Rc3 33. Rxc3 bxc3 34. f5 exf5 35. gxf5 d4 36. Kc1 Kf7 37. Kd1 Kf6 38. Rd5 Kg5 39. f6+ Kxf6 40. Rxd4 Kg5 41. Rd7 Kh6 42. Ke2 Rf5 43. Rc7 Rxh5 44. Rxc3 Rh4 45. Rc6+ g6 46. Ra6 Rh2+ 47. Kd3 Rh3+ 48. Kd4 Rh4+ 49. Kc5 Rh2 50. c4 Rxa2 51. b4 Kg5 52. b5 h5 53. b6 h4 54. b7 Rb2 55. Kc6 h3 56. Rxa3 Kg4 57. Kc7 h2 58. Ra1 Kf3 59. b8=Q Rxb8 60. Kxb8 g5 61. c5 g4 62. c6 g3 63. c7 g2 64. c8=Q g1=Q 65. Qf5+ Ke2 66. Qe4+ Kd2 67. Ra2+ Kc3 68. Rc2+ 1-0

[Event "CAN-op"]
[Site "Ottawa CAN"]
[Date "2013.07.19"]
[Round "8"]
[White "Short, Nigel"]
[Black "Moradiabadi, Elshan"]
[Result "1-0"]
[WhiteElo "2688"]
[BlackElo "2551"]
[PlyCount "111"]
[GameId "2160767909313726"]
[EventDate "2013.07.13"]
[EventType "swiss"]
[EventRounds "9"]
[EventCountry "CAN"]
[SourceTitle "CBM 155 Extra"]
[Source "ChessBase"]
[SourceDate "2013.08.26"]
[SourceVersion "1"]
[SourceVersionDate "2013.08.26"]
[SourceQuality "1"]

1. c4 e6 2. Nc3 d5 3. d4 Be7 4. Nf3 Nf6 5. Bg5 h6 6. Bxf6 Bxf6 7. e3 O-O 8. Rc1 Nc6 9. a3 b6 10. cxd5 exd5 11. Bd3 Ne7 12. O-O c5 13. h3 Be6 14. Bb1 Rc8 15. Qa4 a5 16. Rfd1 c4 17. e4 g6 18. e5 Bg7 19. Qc2 Qd7 20. a4 Nc6 21. Qd2 Na7 22. Re1 b5 23. axb5 Nxb5 24. Na4 Qa7 25. Bc2 Rfe8 26. Ra1 Bf8 27. Nc3 Nc7 28. Ra2 Qb6 29. Rea1 Ra8 30. Ne2 Qb4 31. Qe3 Reb8 32. Nf4 Qe7 33. b3 cxb3 34. Bxb3 Rb5 35. Bc2 Qb4 36. Ra4 Qe7 37. Bd3 Rb3 38. Rxa5 Rxa5 39. Rxa5 Qb4 40. Ra1 Bf5 41. Qc1 Rc3 42. Qd1 Ne6 43. Nxd5 Rxd3 44. Nxb4 Rxd1+ 45. Rxd1 Bxb4 46. d5 Nf8 47. Nd4 Bd7 48. Nc6 Bc3 49. Rc1 Bb2 50. Rc2 Ba1 51. f4 Kg7 52. g4 h5 53. Nb8 Ba4 54. Rc7 Kg8 55. Kh2 Bd4 56. Rc4 1-0

[Event "CAN-op"]
[Site "Ottawa CAN"]
[Date "2013.07.19"]
[Round "8"]
[White "Valdizon, Armando"]
[Black "Arencibia Rodriguez, Walter"]
[Result "1/2-1/2"]
[WhiteElo "2219"]
[BlackElo "2526"]
[PlyCount "109"]
[GameId "2160767909313727"]
[EventDate "2013.07.13"]
[EventType "swiss"]
[EventRounds "9"]
[EventCountry "CAN"]
[SourceTitle "CBM 155 Extra"]
[Source "ChessBase"]
[SourceDate "2013.08.26"]
[SourceVersion "1"]
[SourceVersionDate "2013.08.26"]
[SourceQuality "1"]

1. Nf3 d5 2. d4 e6 3. Bf4 c5 4. c3 Nc6 5. e3 Bd6 6. Nbd2 Bxf4 7. exf4 cxd4 8. Nxd4 Nxd4 9. cxd4 Qb6 10. Qb3 Qxd4 11. Bb5+ Kf8 12. Qa3+ Ne7 13. Rc1 Qxf4 14. O-O Qxd2 15. Rc7 Qg5 16. Qd6 g6 17. f4 Qf6 18. Rfc1 Rg8 19. Qd8+ Kg7 20. Qxe7 Rf8 21. b4 a6 22. Be8 Qd4+ 23. Kh1 Qxf4 24. Kg1 g5 25. Rf1 Rxe8 26. Qc5 b6 27. Qc6 Qe3+ 28. Kh1 Rf8 29. Qxa8 Qe2 30. Kg1 Bd7 31. Qb7 Be8 32. Qxb6 Bb5 33. Rfc1 Bc4 34. a4 e5 35. Qf2 Qxf2+ 36. Kxf2 Rb8 37. Rb1 Rb6 38. Rc5 h5 39. b5 axb5 40. axb5 f6 41. Ke3 Kf7 42. Kd2 Ke6 43. Kc3 Kd6 44. Kb4 e4 45. Ra1 e3 46. Re1 e2 47. Rxc4 dxc4 48. Kxc4 Rb8 49. Rxe2 Rc8+ 50. Kb4 Rc1 51. Rf2 Rb1+ 52. Ka5 Kc7 53. Rxf6 Ra1+ 54. Kb4 Ra2 55. Rh6 1/2-1/2

[Event "CAN-op"]
[Site "Ottawa CAN"]
[Date "2013.07.19"]
[Round "8.14"]
[White "De Kerpel, Stijn"]
[Black "Sambuev, Bator"]
[Result "0-1"]
[WhiteElo "2157"]
[BlackElo "2688"]
[PlyCount "94"]
[GameId "2160767909313728"]
[EventDate "2013.07.13"]
[EventType "swiss"]
[EventRounds "9"]
[EventCountry "CAN"]

1. e4 e6 2. d4 d5 3. e5 c5 4. c3 Nc6 5. Nf3 Qb6 6. a3 Nh6 7. b4 cxd4 8. cxd4 Nf5 9. Be3 Bd7 10. Be2 Rc8 11. O-O Be7 12. Qd2 f6 13. exf6 Bxf6 14. Rd1 O-O 15. Nc3 Nxe3 16. fxe3 Ne7 17. Rac1 Nf5 18. b5 Nd6 19. Na4 Qd8 20. Nc5 Qe7 21. Nxd7 Qxd7 22. a4 Ne4 23. Qe1 Qe7 24. Bd3 Rxc1 25. Rxc1 Qa3 26. Qd1 h6 27. h3 Bg5 28. Nxg5 hxg5 29. Ra1 Qb2 30. Bxe4 dxe4 31. Qc1 Qf2+ 32. Kh1 g4 33. Qe1 g3 34. Rc1 Qxe1+ 35. Rxe1 Rc8 36. Kg1 Rc4 37. Kf1 Rxa4 38. Rc1 Rb4 39. Rc8+ Kh7 40. Rc5 Rb1+ 41. Ke2 Rb2+ 42. Kf1 Rf2+ 43. Kg1 Rf5 44. Rxf5 exf5 45. h4 a5 46. bxa6 bxa6 47. Kf1 a5 0-1

[Event "CAN-op"]
[Site "Ottawa CAN"]
[Date "2013.07.20"]
[Round "9"]
[White "Bruzon Batista, Lazaro"]
[Black "Short, Nigel"]
[Result "1/2-1/2"]
[WhiteElo "2689"]
[BlackElo "2688"]
[PlyCount "63"]
[GameId "2160767909313730"]
[EventDate "2013.07.13"]
[EventType "swiss"]
[EventRounds "9"]
[EventCountry "CAN"]
[SourceTitle "CBM 155 Extra"]
[Source "ChessBase"]
[SourceDate "2013.08.26"]
[SourceVersion "1"]
[SourceVersionDate "2013.08.26"]
[SourceQuality "1"]

1. e4 e5 2. Nf3 Nc6 3. Bb5 a6 4. Ba4 d6 5. O-O Bd7 6. c3 g6 7. d4 Bg7 8. h3 Nf6 9. Re1 O-O 10. Nbd2 exd4 11. cxd4 Nb4 12. Bxd7 Qxd7 13. Qb3 a5 14. a3 Nc6 15. Nf1 a4 16. Qd3 Na5 17. Bf4 b5 18. Rad1 Nc4 19. Qc2 c6 20. Ng3 Rfc8 21. Qc1 Qd8 22. Re2 Qf8 23. h4 Re8 24. Nd2 d5 25. e5 Nd7 26. Nf3 c5 27. h5 Rac8 28. h6 Bh8 29. Qb1 cxd4 30. Rxd4 Ndxe5 31. Nxe5 Nxe5 32. Rxd5 1/2-1/2

[Event "CAN-op"]
[Site "Ottawa CAN"]
[Date "2013.07.20"]
[Round "9"]
[White "Cheng, Bindi"]
[Black "Calugar, Arthur"]
[Result "0-1"]
[WhiteElo "2406"]
[BlackElo "2282"]
[PlyCount "152"]
[GameId "2160767909313731"]
[EventDate "2013.07.13"]
[EventType "swiss"]
[EventRounds "9"]
[EventCountry "CAN"]
[SourceTitle "CBM 155 Extra"]
[Source "ChessBase"]
[SourceDate "2013.08.26"]
[SourceVersion "1"]
[SourceVersionDate "2013.08.26"]
[SourceQuality "1"]

1. c4 Nf6 2. g3 g6 3. Bg2 d5 4. cxd5 Nxd5 5. Nc3 Nb6 6. d3 Nc6 7. Be3 Bg7 8. Bxc6+ bxc6 9. Qd2 h5 10. Nf3 Bh3 11. Rg1 Bg4 12. Ng5 Nd5 13. Nge4 Nxe3 14. Qxe3 Rb8 15. Qd2 Bf5 16. b3 Bxe4 17. dxe4 Rb4 18. Qxd8+ Kxd8 19. Rc1 Bxc3+ 20. Rxc3 Rxe4 21. Rxc6 Kc8 22. f3 Rd4 23. Kf2 Rd6 24. Rc4 Rhd8 25. Rgc1 R8d7 26. R1c2 Kb7 27. Ke3 f6 28. h4 Re6+ 29. Kf2 Red6 30. g4 Rd4 31. gxh5 gxh5 32. f4 e5 33. Rxd4 Rxd4 34. e3 Rd1 35. fxe5 fxe5 36. Kf3 Rh1 37. Ke4 Rxh4+ 38. Kxe5 Rh1 39. Kf4 h4 40. e4 h3 41. Kg3 Re1 42. Rc4 Re3+ 43. Kf4 h2 44. Rc1 Rh3 45. Rh1 Kc6 46. Ke5 Kd7 47. Kf6 Ke8 48. b4 c6 49. e5 Rh4 50. Kg5 Rh8 51. Kf6 Rh3 52. a3 Rh4 53. Kg5 Rh8 54. Kf5 Ke7 55. Ke4 Ke6 56. Kd4 Rh6 57. a4 Kf5 58. Rf1+ Kg4 59. Kc5 Re6 60. Rh1 Kg3 61. Ra1 Rh6 62. Re1 Kf2 63. Ra1 Kg2 64. Ra2+ Kg3 65. Ra1 Kf4 66. Re1 h1=Q 67. Rxh1 Rxh1 68. e6 Re1 69. Kd6 Kf5 70. e7 Kf6 71. Kxc6 Kxe7 72. Kb7 Re4 73. Kxa7 Rxb4 74. a5 Kd6 75. a6 Kc6 76. Ka8 Kb6 0-1

[Event "CAN-op"]
[Site "Ottawa CAN"]
[Date "2013.07.20"]
[Round "9"]
[White "Chirila, Ioan Christian"]
[Black "Plotkin, Victor"]
[Result "1-0"]
[WhiteElo "2519"]
[BlackElo "2394"]
[PlyCount "97"]
[GameId "2160767909313732"]
[EventDate "2013.07.13"]
[EventType "swiss"]
[EventRounds "9"]
[EventCountry "CAN"]

1. d4 d5 2. c4 dxc4 3. Nf3 Nf6 4. e3 e6 5. Bxc4 c5 6. O-O a6 7. Bb3 Nc6 8. Nc3 Be7 9. dxc5 Qxd1 10. Rxd1 Bxc5 11. Bd2 O-O 12. Be1 e5 13. h3 h6 14. Rac1 Ba7 15. Na4 e4 16. Nd4 Nxd4 17. exd4 Rd8 18. Ba5 Rd6 19. Bc7 Rc6 20. Rxc6 bxc6 21. Bb6 Bf5 22. Rc1 Bxb6 23. Nxb6 Rd8 24. g4 Bg6 25. Rxc6 Rxd4 26. Nc4 h5 27. Rxa6 hxg4 28. hxg4 Nxg4 29. Rxg6 fxg6 30. Ne5+ Kf8 31. Nxg4 Rd2 32. Ne5 Rxb2 33. Nxg6+ Ke8 34. Kf1 Kd7 35. Ne5+ Ke7 36. Nc4 Rb1+ 37. Ke2 Kf6 38. Nd2 Ra1 39. Nxe4+ Ke5 40. Kf3 Rc1 41. Ng3 Rc8 42. Ne2 Rf8+ 43. Ke3 g5 44. Nc1 Rh8 45. Nd3+ Kf5 46. a4 Rh3+ 47. Kd4 g4 48. a5 g3 49. Be6+ 1-0

[Event "CAN-op"]
[Site "Ottawa CAN"]
[Date "2013.07.20"]
[Round "9"]
[White "Gerzhoy, Leonid"]
[Black "Valdizon, Armando"]
[Result "1-0"]
[WhiteElo "2462"]
[BlackElo "2219"]
[PlyCount "55"]
[GameId "2160767909313734"]
[EventDate "2013.07.13"]
[EventType "swiss"]
[EventRounds "9"]
[EventCountry "CAN"]
[SourceTitle "CBM 155 Extra"]
[Source "ChessBase"]
[SourceDate "2013.08.26"]
[SourceVersion "1"]
[SourceVersionDate "2013.08.26"]
[SourceQuality "1"]

1. Nf3 f5 2. d3 Nf6 3. e4 d6 4. exf5 Bxf5 5. d4 e6 6. Bd3 Bg4 7. Nbd2 Nc6 8. c3 e5 9. O-O exd4 10. h3 Bd7 11. Nxd4 Nxd4 12. cxd4 Be7 13. Nf3 d5 14. Ne5 O-O 15. Bg5 Be8 16. Qc2 h6 17. Bh4 Qd6 18. Rfe1 Qb6 19. Rad1 Bb4 20. Re3 Nh5 21. Bh7+ Kh8 22. Bg6 Nf4 23. Bxe8 Rfxe8 24. Rf3 g5 25. Bg3 Nh5 26. Rf7 Ng7 27. Nd7 Qe6 28. Nf6 1-0

[Event "CAN-op"]
[Site "Ottawa CAN"]
[Date "2013.07.20"]
[Round "9"]
[White "Itkin, David"]
[Black "Song, Michael"]
[Result "0-1"]
[WhiteElo "2151"]
[BlackElo "2390"]
[PlyCount "62"]
[GameId "2160767909313736"]
[EventDate "2013.07.13"]
[EventType "swiss"]
[EventRounds "9"]
[EventCountry "CAN"]
[SourceTitle "CBM 155 Extra"]
[Source "ChessBase"]
[SourceDate "2013.08.26"]
[SourceVersion "1"]
[SourceVersionDate "2013.08.26"]
[SourceQuality "1"]

1. e4 c6 2. c4 d5 3. exd5 cxd5 4. cxd5 Qxd5 5. Nc3 Qa5 6. Nf3 Nf6 7. Bc4 e6 8. O-O Be7 9. d4 O-O 10. Bf4 Nc6 11. Re1 Rd8 12. Bd3 Nb4 13. Bb1 Nbd5 14. Nxd5 Rxd5 15. Be5 Bd7 16. Ng5 Rd8 17. Re3 Ba4 18. Qf3 h6 19. Ne4 Rxe5 20. Nxf6+ gxf6 21. Bh7+ Kxh7 22. dxe5 Qd5 23. exf6 Qxf3 24. Rxf3 Bf8 25. h3 Kg6 26. Re1 Bc6 27. Rf4 Bd6 28. Rh4 Bc5 29. Rc1 Bb6 30. Rf4 Rd2 31. Kf1 e5 0-1

[Event "CAN-op"]
[Site "Ottawa CAN"]
[Date "2013.07.20"]
[Round "9"]
[White "Moradiabadi, Elshan"]
[Black "Rodriguez, Eric"]
[Result "1-0"]
[WhiteElo "2551"]
[BlackElo "2290"]
[PlyCount "91"]
[GameId "2160767909313737"]
[EventDate "2013.07.13"]
[EventType "swiss"]
[EventRounds "9"]
[EventCountry "CAN"]
[SourceTitle "CBM 155 Extra"]
[Source "ChessBase"]
[SourceDate "2013.08.26"]
[SourceVersion "1"]
[SourceVersionDate "2013.08.26"]
[SourceQuality "1"]

1. d4 d5 2. Bg5 c6 3. e3 Qb6 4. Qc1 Bg4 5. Nd2 Nd7 6. h3 Bf5 7. c4 f6 8. Bh4 e5 9. Ne2 Bd3 10. cxd5 Rc8 11. Qc3 e4 12. dxc6 Rxc6 13. Qb3 Qxb3 14. axb3 Rc2 15. Nc3 Bb4 16. f3 Rxb2 17. Rc1 f5 18. fxe4 fxe4 19. Bxd3 exd3 20. O-O Nb6 21. Nde4 Ne7 22. Nb5 Nbd5 23. Nc7+ Kd7 24. Nxd5 Nxd5 25. Rf7+ Be7 26. Bxe7 Nxe7 27. Rd1 d2 28. Rxd2 Rxd2 29. Nxd2 g6 30. e4 Ke6 31. Rf1 b5 32. Ra1 Ra8 33. Ra6+ Kd7 34. Nf3 Nc6 35. d5 Nb4 36. Rf6 Re8 37. e5 a5 38. Rb6 Nxd5 39. Rd6+ Kc7 40. Rxd5 Kc6 41. Rd3 Kc5 42. Kf2 Kb4 43. Ke3 a4 44. bxa4 bxa4 45. Ke4 a3 46. Nd4 1-0

[Event "CAN-op"]
[Site "Ottawa CAN"]
[Date "2013.07.20"]
[Round "9"]
[White "Oliva Castaneda, Kevel"]
[Black "Rozentalis, Eduardas"]
[Result "1/2-1/2"]
[WhiteElo "2423"]
[BlackElo "2619"]
[PlyCount "115"]
[GameId "2160767909313738"]
[EventDate "2013.07.13"]
[EventType "swiss"]
[EventRounds "9"]
[EventCountry "CAN"]
[SourceTitle "CBM 155 Extra"]
[Source "ChessBase"]
[SourceDate "2013.08.26"]
[SourceVersion "1"]
[SourceVersionDate "2013.08.26"]
[SourceQuality "1"]

1. Nf3 b5 2. e4 Bb7 3. Bxb5 Bxe4 4. O-O c6 5. Be2 Nf6 6. d4 e6 7. c4 Be7 8. Nc3 Bxf3 9. Bxf3 d5 10. Bf4 O-O 11. Qe2 Nbd7 12. a3 h6 13. b4 Nb6 14. c5 Nc4 15. Qa2 Nd7 16. Be2 e5 17. Bxc4 exf4 18. Ba6 Qc7 19. Rfe1 Bf6 20. Qd2 Rae8 21. Rad1 Re6 22. Bf1 Rfe8 23. b5 Rxe1 24. Rxe1 Rxe1 25. Qxe1 Bxd4 26. Qe8+ Nf8 27. Qxc6 Qd7 28. Ne2 Bxc5 29. Nxf4 Bxa3 30. Nxd5 Qd6 31. Qc3 Qxd5 32. Qxa3 Qd4 33. Qf3 Ng6 34. h3 Ne5 35. Qa8+ Kh7 36. Qb7 g6 37. Qa8 Kg7 38. Qb7 h5 39. Qe7 h4 40. Qg5 f6 41. Qc1 Qb6 42. Qa3 Qc7 43. Qb4 g5 44. Qe4 Qc5 45. Qf5 Qd4 46. Qe6 Qc5 47. Be2 Qc1+ 48. Bf1 Qc7 49. Qf5 Qd6 50. Qe4 Qc7 51. Qf5 Qd7 52. Qe4 Kh6 53. Qe3 Qc7 54. Qe4 Qc5 55. Qf5 Qd6 56. Qe4 Kg7 57. Qb7+ Qd7 58. Qe4 1/2-1/2

[Event "CAN-op"]
[Site "Ottawa CAN"]
[Date "2013.07.20"]
[Round "9"]
[White "Perez Rodriguez, Luis Manuel"]
[Black "Sapozhnikov, Roman"]
[Result "1/2-1/2"]
[WhiteElo "2427"]
[BlackElo "2272"]
[PlyCount "58"]
[GameId "2160767909313740"]
[EventDate "2013.07.13"]
[EventType "swiss"]
[EventRounds "9"]
[EventCountry "CAN"]
[SourceTitle "CBM 155 Extra"]
[Source "ChessBase"]
[SourceDate "2013.08.26"]
[SourceVersion "1"]
[SourceVersionDate "2013.08.26"]
[SourceQuality "1"]

1. e4 e6 2. d4 d5 3. exd5 exd5 4. c4 Nf6 5. Nc3 dxc4 6. Bxc4 Bd6 7. Nf3 O-O 8. O-O Nc6 9. Re1 Bg4 10. Be3 h6 11. h3 Bf5 12. d5 Ne7 13. Nh4 Bc8 14. Bd4 Nexd5 15. Qf3 c6 16. Rad1 Bb4 17. Bb3 Bxc3 18. bxc3 b5 19. Bxf6 Qxf6 20. Qxf6 gxf6 21. Bxd5 cxd5 22. Rxd5 a6 23. Rh5 Kh7 24. Re3 Rb8 25. Nf5 Bxf5 26. Rxf5 Kg6 27. Rf4 Rb6 28. Rg3+ Kh7 29. Rgf3 Kg6 1/2-1/2

[Event "CAN-op"]
[Site "Ottawa CAN"]
[Date "2013.07.20"]
[Round "9"]
[White "Sambuev, Bator"]
[Black "Kleinman, Michael"]
[Result "1-0"]
[WhiteElo "2530"]
[BlackElo "2298"]
[PlyCount "103"]
[GameId "2160767909313741"]
[EventDate "2013.07.13"]
[EventType "swiss"]
[EventRounds "9"]
[EventCountry "CAN"]
[SourceTitle "CBM 155 Extra"]
[Source "ChessBase"]
[SourceDate "2013.08.26"]
[SourceVersion "1"]
[SourceVersionDate "2013.08.26"]
[SourceQuality "1"]

1. d4 Nf6 2. Nf3 g6 3. Nc3 d5 4. Bf4 Bg7 5. Nb5 Na6 6. c3 O-O 7. h3 c6 8. Na3 Nc7 9. e3 a5 10. Ne5 Nd7 11. Bd3 Nxe5 12. Bxe5 f6 13. Bg3 e5 14. O-O Be6 15. dxe5 fxe5 16. e4 Bf7 17. Re1 Re8 18. Qc2 Qd6 19. exd5 cxd5 20. Nb5 Qb6 21. Nxc7 Qxc7 22. Bb5 Re7 23. a4 Bf6 24. Qd2 Qb6 25. Re2 Rd8 26. Qe1 e4 27. Bf4 Be8 28. Be3 Qc7 29. Rd2 Bc6 30. Qd1 Rdd7 31. Qb3 Kg7 32. Rad1 Be5 33. Be2 Rf7 34. Bb6 Qb8 35. c4 dxc4 36. Bxc4 Rxd2 37. Rxd2 Rf8 38. Bxa5 Kh6 39. Bb6 Bh2+ 40. Kh1 Bf4 41. Be3 Bxe3 42. Qxe3+ Qf4 43. a5 Qxe3 44. fxe3 Kg5 45. Kg1 Rf5 46. b4 Bb5 47. Bd5 Ba6 48. Bxe4 Re5 49. Rd5 Kf6 50. Rxe5 Kxe5 51. Bf3 Kd6 52. Kf2 1-0

[Event "CAN-op"]
[Site "Ottawa CAN"]
[Date "2013.07.20"]
[Round "9"]
[White "Vera, Reynaldo"]
[Black "Miller, Evgeny"]
[Result "1/2-1/2"]
[WhiteElo "2462"]
[BlackElo "2272"]
[PlyCount "48"]
[GameId "2160767909313744"]
[EventDate "2013.07.13"]
[EventType "swiss"]
[EventRounds "9"]
[EventCountry "CAN"]
[SourceTitle "CBM 155 Extra"]
[Source "ChessBase"]
[SourceDate "2013.08.26"]
[SourceVersion "1"]
[SourceVersionDate "2013.08.26"]
[SourceQuality "1"]

1. d4 d5 2. c4 e6 3. Nf3 Nf6 4. g3 dxc4 5. Bg2 Nc6 6. O-O Rb8 7. a4 Na5 8. Nbd2 c5 9. Qc2 cxd4 10. Nxc4 Nxc4 11. Qxc4 Qd5 12. Qxd5 Nxd5 13. Nxd4 Bd7 14. Rd1 a6 15. Bxd5 exd5 16. Bf4 Rc8 17. Rd3 f6 18. Re3+ Kd8 19. Rd3 Ke8 20. a5 Bb4 21. Nb3 Be6 22. Nd4 Bd7 23. Nb3 Be6 24. Nd4 Bd7 1/2-1/2

[Event "CAN-op"]
[Site "Ottawa CAN"]
[Date "2013.07.20"]
[Round "9.23"]
[White "Kalra, Agastya"]
[Black "Sohal, Tanraj"]
[Result "1-0"]
[WhiteElo "2130"]
[BlackElo "2263"]
[PlyCount "57"]
[GameId "2160767909313745"]
[EventDate "2013.07.13"]
[EventType "swiss"]
[EventRounds "9"]
[EventCountry "CAN"]

1. e4 c5 2. Nf3 Nc6 3. Bb5 g6 4. Bxc6 dxc6 5. d3 Bg7 6. Nc3 e5 7. Be3 Qe7 8. Qd2 Bg4 9. O-O-O O-O-O 10. h3 Bd7 11. Na4 b6 12. Qc3 f6 13. Nxc5 bxc5 14. Bxc5 Qf7 15. Qa5 Be6 16. Bxa7 Qb7 17. Bb6 Rd7 18. d4 exd4 19. Nxd4 Bf7 20. Nf5 Bh6+ 21. Kb1 gxf5 22. Rxd7 Kxd7 23. Rd1+ Bd5 24. exd5 cxd5 25. Rxd5+ Ke6 26. Rd8 Bf4 27. Qb4 Be5 28. Qb3+ Ke7 29. Bc5+ 1-0

[Event "CYCC U08"]
[Site "Ottawa CAN"]
[Date "2013.07.10"]
[Round "1"]
[White "Bivol, Mateo"]
[Black "Wu, Nicholas"]
[Result "0-1"]
[WhiteElo "735"]
[BlackElo "1158"]
[PlyCount "46"]
[GameId "2160767909313746"]
[EventDate "2013.07.10"]
[EventType "swiss"]
[EventRounds "6"]
[EventCountry "CAN"]
[SourceTitle "hb 2013"]

1. e4 e5 2. Nf3 Nc6 3. Nc3 Nf6 4. Bc4 Bc5 5. d3 d6 6. h3 Be6 7. Bxe6 fxe6 8. O-O O-O 9. Nh4 Nxe4 10. Nxe4 Qxh4 11. Qe2 Qe7 12. Bg5 Qd7 13. Qg4 Bb6 14. Bf6 d5 15. Ng5 Rxf6 16. Qh4 h6 17. Nf3 Raf8 18. Qg4 Rf4 19. Qh5 R8f5 20. Qg6 Rxf3 21. Qg4 R3f4 22. Qe2 Rxf2 23. Rxf2 Rxf2 0-1

[Event "CYCC U08"]
[Site "Ottawa CAN"]
[Date "2013.07.10"]
[Round "1"]
[White "Bui, Alan"]
[Black "James, Rowan"]
[Result "0-1"]
[WhiteElo "553"]
[BlackElo "1072"]
[PlyCount "43"]
[GameId "2160767909313747"]
[EventDate "2013.07.10"]
[EventType "swiss"]
[EventRounds "6"]
[EventCountry "CAN"]
[SourceTitle "hb 2013"]

1. d4 d5 2. c4 e6 3. c5 b6 4. cxb6 axb6 5. Nc3 Nf6 6. Bf4 Bb4 7. Bd2 O-O 8. a3 Bd6 9. Bg5 c5 10. Bxf6 Qxf6 11. Nf3 Ba6 12. dxc5 bxc5 13. a4 Nc6 14. Nb5 Bxb5 15. axb5 Qxb2 16. Rb1 Qc3+ 17. Nd2 Nb4 18. Rc1 Qe5 19. Nf3 Qf6 20. e3 Ra1 21. Be2 Qb2 22. Qd2 0-1

[Event "CYCC U08"]
[Site "Ottawa CAN"]
[Date "2013.07.10"]
[Round "1"]
[White "Butchart, Kevin"]
[Black "Low, Kevin"]
[Result "0-1"]
[WhiteElo "810"]
[BlackElo "1484"]
[PlyCount "68"]
[GameId "2160767909313748"]
[EventDate "2013.07.10"]
[EventType "swiss"]
[EventRounds "6"]
[EventCountry "CAN"]
[SourceTitle "hb 2013"]

1. e4 d6 2. d4 Nf6 3. Nc3 e5 4. dxe5 dxe5 5. Qxd8+ Kxd8 6. Bg5 Be6 7. Nf3 Nbd7 8. O-O-O Kc8 9. Be2 c6 10. Rhe1 Kc7 11. Bd3 Bb4 12. Bxf6 gxf6 13. Kb1 Nc5 14. Nd2 Bxc3 15. bxc3 Na4 16. Ka1 Nxc3 17. Rc1 Nxa2 18. Rb1 Nc3 19. Rb2 Na4 20. Rbb1 Rhg8 21. g3 Nc5 22. Be2 a5 23. Rb2 a4 24. Reb1 a3 25. Rb4 Ra4 26. Rxa4 Nxa4 27. Rb4 Nc3 28. Bd3 c5 29. Rb3 Bxb3 30. cxb3 Rd8 31. Nc4 Rxd3 32. Nxa3 Rd2 33. Nc2 Rxc2 34. b4 Ra2# 0-1